• 首页
  • 本馆介绍
  • 公告通知
  • 最新文献
  • 馆藏检索
  • 电子资源
  • 读者导购
  • 参考咨询
  • 我的图书馆
  • 登录
  • 详细信息显示
  • 放入我的书架
  • 预约/预借图书
  • 作者相关作品
  • 分类相关作品
  • 丛书相关作品
  • 出版社相关作品

书目信息

  • 表格格式
  • 工作单格式
  • 卡片格式
题名:
怎样架设飞线
    
 
作者: 庞九洋 著
分册:  
出版信息: 北京   人民邮电出版社  1966
页数: 109页
开本: 19cm
丛书名:
单 册:
中图分类: TN913.31 , TM752
科图分类:
主题词: 架空明线:通信线路--架设 , 通信线路:架空明线--架设 , 电力工程--输配电线路 , 线路杆塔
电子资源:
ISBN:
000 00765nam0 2200289 45
001 0178002021
005 20040521090746.0
010    @dCNY0.27
091    @a15045.总861-有164
100    @a19950728e19781966em y0chiy0121 ea
101 0  @achi
102    @aCN@b110000
105    @ay z 000yy
106    @ar
200 10 @a怎样架设飞线@Azen yang jia she fei xian@f庞九洋著
205    @a2版@b修订本
210    @a北京@c人民邮电出版社@d1966@h1978重印
215    @a109页@d19cm
606    @a架空明线:通信线路@x架设
606    @a通信线路:架空明线@x架设
606 0  @a电力工程@x输配电线路
606 0  @a线路杆塔
690    @aTN913.31@v3 
690    @aTM752
701  0 @a庞九洋@Apang jiu yang@4著
801  0 @aCN@bNLC@c20040521
905    @f1@b4557@dTM752@e1=2
    
    怎样架设飞线/庞九洋著.-2版,修订本.-北京:人民邮电出版社,1966(1978重印)
    109页;19cm
    
    
    ISBN :CNY0.27
    
●
相关链接 在E读中查询图书 在五车中查询图书 在当当中查询图书 在豆瓣中查询图书


正题名:怎样架设飞线     索取号:TM752/1=2         预约/预借

序号 登录号 条形码 馆藏地/架位号 状态 备注
1 0004556   001345921   第二样本阅览室/ [索取号:TM752/1=2] 在馆    
2 0004557   001344977   第三借阅区/ [索取号:TM752/1=2] 在馆    
唐山师范学院图书馆 欢迎您!
大连网信软件有限公司© 版权所有